[Event "DEM U10 2018"]
[Site "Willingen GER"]
[Date "2018.05.22"]
[Round "5"]
[White "Policarpo, Raphael"]
[Black "Costa, Leonardo"]
[Result "0-1"]
[Termination "normal"]
[Board "9"]
[WhiteElo "1640"]
[BlackElo "1848"]
[WhiteClock "00:09:40"]
[BlackClock "00:18:12"]
[PlyCount "146"]
[WhiteFideId "16237676"]
[BlackFideId "16213955"]
[EventCountry "GER"]
[EventRounds "11"]
[EventType "swiss"]
[EventDate "2018.05.19"]

1. e4 {[%clk 1:15:55]} 1... e5 {[%clk 1:15:57]} 2. Nf3 {[%clk 1:16:18]} 2...
Nc6 {[%clk 1:16:23]} 3. Bc4 {[%clk 1:16:33]} 3... Bc5 {[%clk 1:16:36]} 4. c3 {
[%clk 1:15:59]} 4... Nf6 {[%clk 1:16:58]} 5. d4 {[%clk 1:15:12]} 5... exd4 {
[%clk 1:17:17]} 6. e5 {[%clk 1:14:30]} 6... d5 {[%clk 1:16:51]} 7. Bb5 { [%clk
1:11:38]} 7... Ne4 {[%clk 1:16:24]} 8. cxd4 {[%clk 1:09:48]} 8... Bb4+ { [%clk
1:15:23]} 9. Nbd2 {[%clk 1:08:58]} 9... O-O {[%clk 1:11:22]} 10. O-O { [%clk
1:07:59]} 10... Bg4 {[%clk 1:07:12]} 11. Bxc6 {[%clk 1:07:14]} 11... bxc6
{[%clk 1:01:25]} 12. Qb3 {[%clk 1:04:55]} 12... Rb8 {[%clk 0:55:52]} 13. Qd3 {
[%clk 0:54:54]} 13... Nxd2 {[%clk 0:52:42]} 14. Nxd2 {[%clk 0:51:08]} 14... f6
{[%clk 0:48:09]} 15. f4 {[%clk 0:45:51]} 15... fxe5 {[%clk 0:43:17]} 16. fxe5 {
[%clk 0:45:26]} 16... Rxf1+ {[%clk 0:43:31]} 17. Nxf1 {[%clk 0:44:42]} 17... c5
{[%clk 0:40:40]} 18. a3 {[%clk 0:44:11]} 18... Ba5 {[%clk 0:40:15]} 19. dxc5 {
[%clk 0:41:33]} 19... c6 {[%clk 0:39:16]} 20. b4 {[%clk 0:36:23]} 20... Bc7 {
[%clk 0:39:03]} 21. Qg3 {[%clk 0:34:46]} 21... Be6 {[%clk 0:38:25]} 22. Bg5 {
[%clk 0:34:28]} 22... Qd7 {[%clk 0:37:58]} 23. Rd1 {[%clk 0:29:27]} 23... a5 {
[%clk 0:34:45]} 24. Rd4 {[%clk 0:27:59]} 24... axb4 {[%clk 0:33:05]} 25. axb4 {
[%clk 0:28:02]} 25... Ra8 {[%clk 0:32:42]} 26. h3 {[%clk 0:25:57]} 26... Qf7 {
[%clk 0:31:24]} 27. Nd2 {[%clk 0:15:07]} 27... Kh8 {[%clk 0:29:47]} 28. Nf3 {
[%clk 0:15:10]} 28... Qg6 {[%clk 0:29:09]} 29. Kh2 {[%clk 0:14:40]} 29... Ra1 {
[%clk 0:27:59]} 30. Qf4 {[%clk 0:11:18]} 30... Kg8 {[%clk 0:27:41]} 31. Be7 {
[%clk 0:10:22]} 31... Ra8 {[%clk 0:19:21]} 32. Bd6 {[%clk 0:09:55]} 32... Bxd6
{[%clk 0:19:24]} 33. exd6 {[%clk 0:09:34]} 33... Rf8 {[%clk 0:14:02]} 34. Qg3 {
[%clk 0:07:59]} 34... Qb1 {[%clk 0:13:20]} 35. Rf4 {[%clk 0:06:51]} 35... Ra8 {
[%clk 0:11:18]} 36. Ne5 {[%clk 0:04:43]} 36... Ra1 {[%clk 0:09:39]} 37. Qf2 {
[%clk 0:03:43]} 37... Qh1+ {[%clk 0:08:21]} 38. Kg3 {[%clk 0:04:05]} 38... Ra3+
{[%clk 0:06:44]} 39. Rf3 {[%clk 0:04:18]} 39... Rxf3+ {[%clk 0:06:25]} 40. Qxf3
{[%clk 0:04:08]} 40... Qe1+ {[%clk 0:06:44]} 41. Kh2 {[%clk 0:04:14]} 41...
Qxe5+ {[%clk 0:07:06]} 42. Qg3 {[%clk 0:03:14]} 42... Qxg3+ {[%clk 0:07:30]}
43. Kxg3 {[%clk 0:03:39]} 43... Bd7 {[%clk 0:07:45]} 44. Kf4 {[%clk 0:03:52]}
44... Kf7 {[%clk 0:14:58]} 45. Ke5 {[%clk 0:17:50]} 45... h6 {[%clk 0:10:21]}
46. b5 {[%clk 0:16:18]} 46... cxb5 {[%clk 0:08:29]} 47. Kxd5 {[%clk 0:16:39]}
47... b4 {[%clk 0:08:55]} 48. Kc4 {[%clk 0:17:01]} 48... Ke6 {[%clk 0:09:00]}
49. Kxb4 {[%clk 0:14:28]} 49... Kd5 {[%clk 0:09:24]} 50. g4 {[%clk 0:12:00]}
50... g6 {[%clk 0:09:42]} 51. h4 {[%clk 0:10:21]} 51... Bc6 {[%clk 0:10:03]}
52. h5 {[%clk 0:06:07]} 52... g5 {[%clk 0:10:21]} 53. Kc3 {[%clk 0:06:07]}
53... Kxc5 {[%clk 0:10:44]} 54. Kd3 {[%clk 0:06:11]} 54... Kxd6 {[%clk 0:11:11]
} 55. Kd4 {[%clk 0:06:23]} 55... Bf3 {[%clk 0:11:28]} 56. Ke3 {[%clk 0:06:42]}
56... Bxg4 {[%clk 0:11:52]} 57. Kf2 {[%clk 0:07:08]} 57... Ke5 {[%clk 0:12:14]}
58. Kg3 {[%clk 0:07:26]} 58... Bxh5 {[%clk 0:12:39]} 59. Kh2 {[%clk 0:07:48]}
59... Kf4 {[%clk 0:13:02]} 60. Kh3 {[%clk 0:07:46]} 60... Bg6 {[%clk 0:13:23]}
61. Kh2 {[%clk 0:07:43]} 61... h5 {[%clk 0:13:46]} 62. Kh3 {[%clk 0:07:39]}
62... g4+ {[%clk 0:14:02]} 63. Kh4 {[%clk 0:07:30]} 63... g3 {[%clk 0:14:26]}
64. Kh3 {[%clk 0:07:43]} 64... Kf3 {[%clk 0:14:50]} 65. Kh4 {[%clk 0:07:53]}
65... g2 {[%clk 0:15:14]} 66. Kg5 {[%clk 0:08:15]} 66... g1=Q+ {[%clk 0:15:36]}
67. Kf6 {[%clk 0:08:22]} 67... Bb1 {[%clk 0:15:57]} 68. Kf7 {[%clk 0:08:44]}
68... Qg6+ {[%clk 0:16:22]} 69. Kf8 {[%clk 0:09:00]} 69... Qh7 {[%clk 0:16:33]}
70. Ke8 {[%clk 0:09:11]} 70... Qc7 {[%clk 0:16:58]} 71. Kf8 {[%clk 0:09:28]}
71... Qd7 {[%clk 0:17:20]} 72. Kg8 {[%clk 0:09:27]} 72... Qe7 {[%clk 0:17:46]}
73. Kh8 {[%clk 0:09:40]} 73... Qh7# {[%clk 0:18:12]} 0-1

[Event "DEM U10 2018"]
[Site "Willingen GER"]
[Date "2018.05.22"]
[Round "5"]
[White "Cernov, Henrik"]
[Black "Nitsche, Nikolai"]
[Result "0-1"]
[Termination "normal"]
[Board "10"]
[WhiteElo "1353"]
[BlackElo "1810"]
[WhiteClock "00:00:34"]
[BlackClock "00:04:03"]
[PlyCount "86"]
[WhiteFideId "16258312"]
[BlackFideId "16221036"]
[EventCountry "GER"]
[EventRounds "11"]
[EventType "swiss"]
[EventDate "2018.05.19"]

1. e4 {[%clk 1:15:58]} 1... e6 {[%clk 1:15:47]} 2. d4 {[%clk 1:16:23]} 2... d5
{[%clk 1:16:12]} 3. exd5 {[%clk 1:16:47]} 3... exd5 {[%clk 1:16:32]} 4. Nf3 {
[%clk 1:16:57]} 4... Bd6 {[%clk 1:16:51]} 5. Be3 {[%clk 1:16:46]} 5... Ne7 {
[%clk 1:15:27]} 6. Bd3 {[%clk 1:15:08]} 6... c6 {[%clk 1:15:07]} 7. Nbd2 {
[%clk 1:14:48]} 7... Bg4 {[%clk 1:13:59]} 8. O-O {[%clk 1:13:43]} 8... Qc7 {
[%clk 1:12:43]} 9. h3 {[%clk 1:11:21]} 9... Bh5 {[%clk 1:12:52]} 10. c4 { [%clk
1:10:24]} 10... O-O {[%clk 1:12:42]} 11. Qc2 {[%clk 1:05:52]} 11... Bg6 { [%clk
1:11:01]} 12. Rfe1 {[%clk 1:02:54]} 12... dxc4 {[%clk 1:08:15]} 13. Nxc4 {[%clk
0:57:28]} 13... Nd5 {[%clk 1:06:05]} 14. a3 14... Nd7 {[%clk 1:02:48]} 15. Rad1
{[%clk 0:39:52]} 15... Rfe8 {[%clk 0:51:19]} 16. Bd2 {[%clk 0:27:36]} 16...
N7f6 {[%clk 0:37:44]} 17. Bxg6 {[%clk 0:23:26]} 17... hxg6 { [%clk 0:35:15]}
18. Nxd6 {[%clk 0:20:45]} 18... Qxd6 {[%clk 0:35:05]} 19. Ne5 { [%clk 0:20:37]}
19... Rac8 {[%clk 0:31:32]} 20. b4 {[%clk 0:19:19]} 20... Nc7 { [%clk 0:29:40]}
21. Bf4 {[%clk 0:18:48]} 21... Ne6 {[%clk 0:29:01]} 22. Be3 { [%clk 0:16:53]}
22... a5 {[%clk 0:24:10]} 23. Nc4 {[%clk 0:16:51]} 23... Qd8 { [%clk 0:18:07]}
24. Nxa5 {[%clk 0:16:38]} 24... Qc7 {[%clk 0:17:12]} 25. Nb3 25... Rcd8 {[%clk
0:17:10]} 26. g3 {[%clk 0:09:12]} 26... Rd5 {[%clk 0:13:18]} 27. f4 {[%clk
0:07:04]} 27... g5 {[%clk 0:10:29]} 28. Rf1 {[%clk 0:05:10]} 28... Nh5 {[%clk
0:07:18]} 29. Qf2 {[%clk 0:04:24]} 29... gxf4 {[%clk 0:07:15]} 30. gxf4 {[%clk
0:04:02]} 30... Rf5 {[%clk 0:06:26]} 31. Qc2 {[%clk 0:02:44]} 31... g6 {[%clk
0:05:54]} 32. Rf3 {[%clk 0:02:01]} 32... Nexf4 {[%clk 0:03:11]} 33. Rdf1 {[%clk
0:01:04]} 33... Nd5 {[%clk 0:03:01]} 34. Rxf5 {[%clk 0:00:41]} 34... Qg3+
{[%clk 0:02:32]} 35. Qg2 {[%clk 0:00:33]} 35... Qxg2+ { [%clk 0:03:00]} 36.
Kxg2 Nxe3+ 37. Kg1 {[%clk 0:00:35]} 37... Nxf5 { [%clk 0:03:41]} 38. Nc5 {[%clk
0:00:39]} 38... Re7 {[%clk 0:03:38]} 39. Rd1 { [%clk 0:00:43]} 39... b6 {[%clk
0:03:25]} 40. Nb3 {[%clk 0:00:43]} 40... Rd7 { [%clk 0:03:36]} 41. Re1 {[%clk
0:00:38]} 41... Nxd4 {[%clk 0:03:45]} 42. Nd2 { [%clk 0:00:31]} 42... Nc2
{[%clk 0:03:40]} 43. Nc4 {[%clk 0:00:34]} 43... Nxe1 {[%clk 0:04:03]} 0-1

[Event "DEM U10 2018"]
[Site "Willingen GER"]
[Date "2018.05.22"]
[Round "5"]
[White "Sommer, Justus"]
[Black "von Mettenheim, Johannes"]
[Result "1-0"]
[Termination "normal"]
[Board "11"]
[WhiteElo "1459"]
[BlackElo "1581"]
[WhiteClock "01:02:11"]
[BlackClock "00:13:11"]
[PlyCount "119"]
[WhiteFideId "16245008"]
[BlackFideId "16244818"]
[EventCountry "GER"]
[EventRounds "11"]
[EventType "swiss"]
[EventDate "2018.05.19"]

1. e4 {[%clk 1:15:56]} 1... c6 {[%clk 1:15:56]} 2. d4 {[%clk 1:16:20]} 2... d5
{[%clk 1:16:21]} 3. exd5 {[%clk 1:16:42]} 3... cxd5 {[%clk 1:16:46]} 4. c4 {
[%clk 1:16:56]} 4... Nf6 {[%clk 1:17:13]} 5. Nc3 {[%clk 1:17:15]} 5... Nc6 {
[%clk 1:17:39]} 6. Nf3 {[%clk 1:17:16]} 6... Bg4 {[%clk 1:17:59]} 7. cxd5 {
[%clk 1:15:02]} 7... Nxd5 {[%clk 1:18:21]} 8. Bc4 {[%clk 1:15:02]} 8... e6 9.
Nxd5 {[%clk 1:13:35]} 9... exd5 {[%clk 1:18:23]} 10. Be2 {[%clk 1:13:50]} 10...
Bd6 {[%clk 1:17:14]} 11. O-O {[%clk 1:12:50]} 11... O-O {[%clk 1:12:48]} 12.
Bg5 {[%clk 1:12:26]} 12... Qc7 {[%clk 1:10:57]} 13. h3 {[%clk 1:12:03]} 13...
Bh5 {[%clk 1:11:16]} 14. Rc1 {[%clk 1:09:39]} 14... Qb6 {[%clk 1:08:10]} 15.
Be3 {[%clk 1:08:18]} 15... Qxb2 {[%clk 1:04:42]} 16. Rb1 {[%clk 1:07:56]} 16...
Qxa2 {[%clk 1:05:06]} 17. Rxb7 {[%clk 1:07:52]} 17... Rab8 {[%clk 1:02:05]} 18.
Rxb8 {[%clk 1:07:37]} 18... Rxb8 {[%clk 1:01:24]} 19. Qc1 {[%clk 1:06:40]}
19... Qxe2 {[%clk 0:59:19]} 20. Qxc6 {[%clk 1:06:23]} 20... Bxf3 { [%clk
0:59:23]} 21. gxf3 {[%clk 1:06:39]} 21... Rd8 {[%clk 0:58:40]} 22. f4 { [%clk
1:04:43]} 22... Qc4 {[%clk 0:54:01]} 23. Qxc4 {[%clk 1:03:48]} 23... dxc4
{[%clk 0:54:27]} 24. Ra1 {[%clk 1:03:44]} 24... Bb8 {[%clk 0:52:46]} 25. Kf1 {
[%clk 1:03:51]} 25... Kf8 {[%clk 0:52:23]} 26. Ke2 {[%clk 1:04:09]} 26... Ke7 {
[%clk 0:51:40]} 27. Kd2 {[%clk 1:04:33]} 27... Kd6 {[%clk 0:49:42]} 28. Kc3 {
[%clk 1:04:28]} 28... Rc8 {[%clk 0:49:56]} 29. Ra6+ {[%clk 1:03:49]} 29... Kd5
{[%clk 0:42:22]} 30. f3 {[%clk 1:03:43]} 30... Re8 {[%clk 0:39:07]} 31. Ra5+ {
[%clk 1:04:00]} 31... Kc6 {[%clk 0:39:05]} 32. Rc5+ {[%clk 1:03:53]} 32... Kb6
{[%clk 0:39:26]} 33. Bd2 {[%clk 1:03:30]} 33... Re2 {[%clk 0:36:34]} 34. Rxc4 {
[%clk 1:03:20]} 34... Rf2 {[%clk 0:36:19]} 35. Rb4+ {[%clk 1:03:39]} 35... Kc7
{[%clk 0:36:42]} 36. Rc4+ {[%clk 1:03:51]} 36... Kd7 {[%clk 0:36:55]} 37. Rb4 {
[%clk 1:03:55]} 37... Rxf3+ {[%clk 0:37:06]} 38. Kc4 {[%clk 1:04:12]} 38... Kc8
{[%clk 0:35:37]} 39. Kd5 {[%clk 1:04:19]} 39... Rxh3 {[%clk 0:35:06]} 40. Rc4+
{[%clk 1:04:36]} 40... Kd7 {[%clk 0:34:48]} 41. Rb4 {[%clk 1:04:46]} 41... Rh5+
{[%clk 0:33:55]} 42. f5 {[%clk 1:04:27]} 42... Bc7 {[%clk 0:33:03]} 43. Ke4 {
[%clk 1:04:32]} 43... Bb6 {[%clk 0:31:51]} 44. Be3 {[%clk 1:02:14]} 44... Rh4+
{[%clk 0:26:09]} 45. Kd5 {[%clk 1:01:30]} 45... Rh3 {[%clk 0:22:43]} 46. Ke4 {
[%clk 1:00:56]} 46... Rh1 {[%clk 0:20:40]} 47. Rb5 {[%clk 1:00:50]} 47... Kc6 {
[%clk 0:16:37]} 48. Rb4 {[%clk 1:00:23]} 48... Rh4+ {[%clk 0:15:41]} 49. Kf3 {
[%clk 0:59:49]} 49... a5 {[%clk 0:10:27]} 50. d5+ {[%clk 0:59:19]} 50... Kxd5 {
[%clk 0:10:29]} 51. Rxh4 {[%clk 0:59:28]} 51... Bxe3 {[%clk 0:10:21]} 52. Kxe3
{[%clk 0:59:50]} 52... h6 {[%clk 0:10:39]} 53. Ra4 {[%clk 1:00:05]} 53... Ke5 {
[%clk 0:11:00]} 54. Rxa5+ {[%clk 1:00:28]} 54... Kf6 {[%clk 0:11:23]} 55. Kf4 {
[%clk 1:00:49]} 55... g5+ {[%clk 0:11:45]} 56. fxg6 {[%clk 1:01:12]} 56... fxg6
{[%clk 0:12:01]} 57. Ra6+ {[%clk 1:01:35]} 57... Kg7 {[%clk 0:12:26]} 58. Ke5 {
[%clk 1:01:48]} 58... h5 {[%clk 0:12:47]} 59. Kf4 {[%clk 1:01:55]} 59... Kh6 {
[%clk 0:13:11]} 60. Rb6 {[%clk 1:02:11]} 1-0

[Event "DEM U10 2018"]
[Site "Willingen GER"]
[Date "2018.05.22"]
[Round "5"]
[White "Ermitsch, Magnus"]
[Black "Müller, Milo"]
[Result "1-0"]
[Termination "normal"]
[Board "12"]
[WhiteElo "1560"]
[BlackElo "1443"]
[WhiteClock "00:12:43"]
[BlackClock "00:16:24"]
[PlyCount "51"]
[WhiteFideId "16234464"]
[BlackFideId "16265700"]
[EventCountry "GER"]
[EventRounds "11"]
[EventType "swiss"]
[EventDate "2018.05.19"]

1. e4 {[%clk 1:13:55]} 1... c5 {[%clk 1:15:00]} 2. Nf3 {[%clk 1:10:40]} 2... g6
{[%clk 1:14:31]} 3. d4 {[%clk 1:09:17]} 3... cxd4 {[%clk 1:14:40]} 4. Nxd4 {
[%clk 1:06:54]} 4... Nc6 {[%clk 1:14:42]} 5. c4 {[%clk 0:59:57]} 5... Nf6 {
[%clk 1:12:34]} 6. Nc3 {[%clk 0:58:44]} 6... d6 {[%clk 1:10:15]} 7. Be3 { [%clk
0:56:45]} 7... Ng4 {[%clk 1:05:38]} 8. Nc2 {[%clk 0:48:34]} 8... Bg7 { [%clk
1:02:27]} 9. h3 {[%clk 0:40:20]} 9... Nge5 {[%clk 1:00:01]} 10. f4 { [%clk
0:38:40]} 10... Nd7 {[%clk 0:58:33]} 11. Be2 {[%clk 0:38:17]} 11... O-O { [%clk
0:49:50]} 12. O-O {[%clk 0:36:31]} 12... b6 {[%clk 0:47:36]} 13. f5 { [%clk
0:31:55]} 13... Nce5 {[%clk 0:40:18]} 14. h4 {[%clk 0:26:57]} 14... Nf6 { [%clk
0:33:52]} 15. b3 {[%clk 0:21:21]} 15... Bb7 {[%clk 0:26:55]} 16. Qd4 { [%clk
0:18:05]} 16... Nxe4 {[%clk 0:24:22]} 17. Nxe4 {[%clk 0:16:30]} 17... Nf3+
{[%clk 0:24:44]} 18. Bxf3 {[%clk 0:16:35]} 18... Bxd4 {[%clk 0:25:06]} 19. Bxd4
{[%clk 0:16:45]} 19... gxf5 {[%clk 0:25:26]} 20. Nf6+ {[%clk 0:16:47]} 20...
exf6 {[%clk 0:25:39]} 21. Bxb7 21... Rb8 {[%clk 0:25:46]} 22. Bd5 { [%clk
0:17:23]} 22... Qc8 {[%clk 0:21:40]} 23. Ne3 {[%clk 0:14:49]} 23... Qd7 { [%clk
0:16:37]} 24. Rxf5 {[%clk 0:14:14]} 24... b5 {[%clk 0:16:24]} 25. Ng4 { [%clk
0:13:58]} 25... Qxf5 26. Nh6+ {[%clk 0:12:43]} 1-0

[Event "DEM U10 2018"]
[Site "Willingen GER"]
[Date "2018.05.22"]
[Round "5"]
[White "Kempe, Caius Emilian"]
[Black "Bongardt, Livius"]
[Result "1-0"]
[Termination "normal"]
[Board "13"]
[WhiteElo "1522"]
[BlackElo "1398"]
[PlyCount "109"]
[WhiteFideId "16246861"]
[BlackFideId "16265718"]
[EventCountry "GER"]
[EventRounds "11"]
[EventType "swiss"]
[EventDate "2018.05.19"]

1. d4 Nf6 2. Nc3 e6 3. e4 Bb4 4. e5 Ne4 5. Bd2 Nxd2 6. Qxd2 Nc6 7. f4 d5 8. Nf3
Ne7 9. Be2 c6 10. a3 Qa5 11. O-O Bxc3 12. Qxc3 Qxc3 13. bxc3 Nf5 14. Bd3 O-O
15. Kf2 Bd7 16. g4 Ne7 17. h4 Rac8 18. h5 f6 19. Kg3 c5 20. a4 c4 21. Be2 f5
22. g5 Rc6 23. Rfb1 b6 24. Nd2 Rb8 25. Kf2 Nc8 26. Rb4 Nd6 27. Rab1 Nc8 28. Nf1
Ne7 29. Ne3 Nc8 30. Bf3 Ne7 31. Ra1 Nc8 32. Nxd5 exd5 33. Bxd5+ Kf8 34. Bxc6
Bxc6 35. Rxc4 Ne7 36. Rxc6 Nxc6 37. d5 Na5 38. Ke2 Ke7 39. Kd3 Rc8 40. Rb1 Nb7
41. Rb4 Nc5+ 42. Kd4 Ne4 43. a5 Rb8 44. Rc4 Nc5 45. axb6 axb6 46. Rxc5 bxc5+
47. Kxc5 Rc8+ 48. Kd4 Ra8 49. c4 Ra4 50. Kc5 Ra2 51. Kc6 Rxc2 52. c5 Rd2 53.
d6+ Kd8 54. e6 Ke8 55. Kc7 1-0

[Event "DEM U10 2018"]
[Site "Willingen GER"]
[Date "2018.05.22"]
[Round "5"]
[White "Korek, Jakob Alexander"]
[Black "Bräutigam, Alexander"]
[Result "1-0"]
[Termination "normal"]
[Board "14"]
[WhiteElo "1517"]
[BlackElo "1323"]
[PlyCount "77"]
[WhiteFideId "16240022"]
[BlackFideId "16245210"]
[EventCountry "GER"]
[EventRounds "11"]
[EventType "swiss"]
[EventDate "2018.05.19"]

1. e4 d5 2. exd5 Qxd5 3. d4 Qa5+ 4. Nc3 Nf6 5. Bc4 Bf5 6. Nge2 e6 7. Ng3 Bg6 8.
O-O Bd6 9. f4 O-O 10. Be3 h6 11. a3 c6 12. Qd2 Qc7 13. Be2 Nbd7 14. Rad1 c5 15.
d5 exd5 16. Nxd5 Nxd5 17. Qxd5 Rac8 18. Qxd6 Bxc2 19. Qxd7 Bxd1 20. Qxc7 Rxc7
21. Rxd1 Re8 22. Kf2 b6 23. Kf3 c4 24. Rc1 b5 25. a4 Rb7 26. Bd4 h5 27. h4 Rd7
28. Be3 Rde7 29. Bf2 a6 30. axb5 axb5 31. Ra1 Rc7 32. Be1 g6 33. Ne4 Kg7 34.
Bc3+ Kh6 35. Bf6 Re6 36. Ra8 g5 37. f5 Rxf6 38. Nxf6 gxh4 39. Rh8+ 1-0

[Event "DEM U10 2018"]
[Site "Willingen GER"]
[Date "2018.05.22"]
[Round "5"]
[White "Schreidl, Michael"]
[Black "Hoppstädter, Daniel"]
[Result "1-0"]
[Termination "normal"]
[Board "15"]
[WhiteElo "1325"]
[BlackElo "1219"]
[PlyCount "59"]
[WhiteFideId "16265750"]
[BlackFideId "16243625"]
[EventCountry "GER"]
[EventRounds "11"]
[EventType "swiss"]
[EventDate "2018.05.19"]

1. e4 e6 2. d4 d5 3. Nc3 Bb4 4. e5 c5 5. a3 Bxc3+ 6. bxc3 Ne7 7. Qg4 O-O 8. Bd3
Nbc6 9. Qh5 Ng6 10. Nf3 Nce7 11. h4 h6 12. g4 f5 13. exf6 Rxf6 14. g5 Nf4 15.
Bxf4 Rxf4 16. Ne5 c4 17. Bg6 Nxg6 18. Qxg6 Qf8 19. gxh6 Rf6 20. hxg7 Qxg7 21.
Qxg7+ Kxg7 22. Rg1+ Kf8 23. Ke2 Ke7 24. Rg3 b6 25. Rg7+ Kf8 26. Rag1 Rf5 27.
Rg8+ Ke7 28. R1g7+ Kd6 29. Rd8+ Bd7 30. Rgxd7# 1-0

[Event "DEM U10 2018"]
[Site "Willingen GER"]
[Date "2018.05.22"]
[Round "5"]
[White "Aravindan, Midhulan"]
[Black "Fröhlich, Niklas"]
[Result "1-0"]
[Termination "normal"]
[Board "16"]
[WhiteElo "1446"]
[BlackElo "1147"]
[PlyCount "53"]
[WhiteFideId "16237250"]
[BlackFideId "16245016"]
[EventCountry "GER"]
[EventRounds "11"]
[EventType "swiss"]
[EventDate "2018.05.19"]

1. e4 c5 2. Nf3 d6 3. Bb5+ Bd7 4. Bxd7+ Nxd7 5. O-O e6 6. Nc3 Be7 7. Re1 Ngf6
8. d3 O-O 9. h3 Qc7 10. Bf4 Rac8 11. Qd2 Rfe8 12. a4 Qc6 13. Nb5 Qb6 14. c4 a6
15. a5 Qd8 16. Nxd6 Bxd6 17. Bxd6 e5 18. b4 Rc6 19. bxc5 Nxc5 20. Bxc5 Rxc5 21.
Qb4 Rc7 22. Red1 Rd7 23. Qb1 Nh5 24. g3 f6 25. Qb3 Re6 26. Nh4 Red6 27. c5+ 1-0

[Event "DEM U10 2018"]
[Site "Willingen GER"]
[Date "2018.05.22"]
[Round "5"]
[White "Itin, Timofey"]
[Black "Linnemann, Caspar"]
[Result "0-1"]
[Termination "normal"]
[Board "17"]
[WhiteElo "1298"]
[BlackElo "1408"]
[PlyCount "122"]
[WhiteFideId "16265777"]
[BlackFideId "16200284"]
[EventCountry "GER"]
[EventRounds "11"]
[EventType "swiss"]
[EventDate "2018.05.19"]

1. e4 c5 2. Nc3 Nc6 3. Nge2 e6 4. g3 g6 5. d3 Bg7 6. Bg2 d6 7. Be3 Nge7 8. Qd2
O-O 9. O-O-O b6 10. d4 cxd4 11. Nxd4 Nxd4 12. Bxd4 e5 13. Be3 Qd7 14. Qxd6 Rd8
15. Qxd7 Rxd7 16. Bg5 f6 17. Be3 Rxd1+ 18. Rxd1 Bg4 19. Rd2 Be6 20. Rd6 Bf7 21.
Rd3 Kf8 22. Nd5 Nxd5 23. exd5 Rd8 24. d6 f5 25. Bg5 e4 26. Rd2 Rd7 27. f3 h6
28. Be3 exf3 29. Bxf3 g5 30. g4 f4 31. Bd4 Bxd4 32. Rxd4 Be6 33. Bc6 Rd8 34. h3
Bd7 35. Be4 Kg7 36. Kd2 Kf6 37. Kd3 Ke6 38. c4 Be8 39. Bf5+ Kf6 40. b4 Bd7 41.
Bxd7 Rxd7 42. c5 bxc5 43. bxc5 Ke6 44. Ke4 Rd8 45. Rd5 Kd7 46. Ke5 Re8+ 47. Kf6
f3 48. Rf5 Rf8+ 49. Ke5 Rxf5+ 50. gxf5 f2 51. Kd5 f1=Q 52. c6+ Kd8 53. c7+ Kd7
54. Ke5 Qa6 55. c8=Q+ Qxc8 56. Kf6 Qf8+ 57. Kg6 Qxd6+ 58. f6 Qf8 59. a4 Ke6 60.
f7 Qxf7+ 61. Kxh6 Kf6 0-1

[Event "DEM U10 2018"]
[Site "Willingen GER"]
[Date "2018.05.22"]
[Round "5"]
[White "Rumpold, Jaron"]
[Black "Held, Momme Fredrik"]
[Result "0-1"]
[Termination "normal"]
[Board "19"]
[WhiteElo "1259"]
[BlackElo "1674"]
[PlyCount "110"]
[WhiteFideId "16265793"]
[BlackFideId "16237692"]
[EventCountry "GER"]
[EventRounds "11"]
[EventType "swiss"]
[EventDate "2018.05.19"]

1. d4 d5 2. c4 e6 3. Nc3 c6 4. Nf3 dxc4 5. e4 b5 6. a4 Bb4 7. Bd2 a5 8. axb5
Bxc3 9. Bxc3 cxb5 10. d5 Nf6 11. d6 O-O 12. e5 Nd5 13. Bd4 Bb7 14. Be2 Nc6 15.
Bc5 a4 16. O-O Na5 17. Nd4 Qd7 18. Qd2 Nb3 19. Nxb3 axb3 20. f4 Qc6 21. Bd4 b4
22. Bf3 Rfc8 23. Rxa8 Bxa8 24. Rc1 Qb5 25. Be2 Nb6 26. Bxb6 Qxb6+ 27. Kh1 Bd5
28. d7 {(=)} 28... Rd8 29. Bxc4 Rxd7 30. Bxd5 exd5 31. Rc8+ Rd8 32. Rxd8+ Qxd8
33. Qxb4 {(=)} 33... d4 34. Qxb3 d3 35. Qd1 d2 36. Kg1 Qd4+ 37. Kf1 Qxf4+ 38.
Ke2 Qxe5+ 39. Kxd2 Qxb2+ 40. Qc2 Qxc2+ 41. Kxc2 f5 42. Kd3 Kf7 43. Ke3 Kf6 44.
g3 Ke5 45. Kf3 g5 46. g4 f4 47. h3 h6 48. Ke2 Ke4 49. Kf2 f3 50. Ke1 Ke3 51.
Kf1 f2 52. h4 gxh4 53. g5 hxg5 54. Kg2 Ke2 55. Kh2 g4 0-1

[Event "DEM U10 2018"]
[Site "Willingen GER"]
[Date "2018.05.22"]
[Round "5"]
[White "Sauer, Tim"]
[Black "Mader, Fabian"]
[Result "1-0"]
[Termination "normal"]
[Board "20"]
[WhiteElo "1378"]
[BlackElo "1095"]
[PlyCount "129"]
[WhiteFideId "16265726"]
[BlackFideId "16265866"]
[EventCountry "GER"]
[EventRounds "11"]
[EventType "swiss"]
[EventDate "2018.05.19"]

1. d4 Nf6 2. Bf4 g6 3. e3 d5 4. c4 Bg7 5. Nc3 O-O 6. h3 c5 7. dxc5 Ne4 8. Nxe4
dxe4 9. Qc2 Qa5+ 10. Qd2 Qxd2+ 11. Kxd2 Bxb2 12. Rb1 Bg7 13. Bxb8 Rxb8 14. c6
b6 15. c5 Be6 16. Ba6 Bc8 17. Bc4 Be6 18. Ba6 bxc5 19. Rb7 Rfc8 20. Ne2 Rxb7
21. Bxb7 Rc7 22. Kc2 Bxa2 23. Rd1 Be6 24. Nf4 Bc8 25. Rd8+ Bf8 26. Rxc8 Rxc8
27. Bxc8 e6 28. Nxe6 Bd6 29. Nf4 a5 30. Nd5 a4 31. c7 a3 32. Kb3 c4+ 33. Ka2 c3
34. Nxc3 Bxc7 35. Nxe4 f5 36. Nd2 Bd6 37. Nc4 Bc5 38. Nxa3 Kg7 39. Nc4 f4 40.
exf4 Bxf2 41. Ne5 h6 42. Nd3 Bg3 43. Kb1 Kf7 44. Kc2 g5 45. f5 h5 46. Kd2 g4
47. hxg4 hxg4 48. Ke2 Bd6 49. Nf2 g3 50. Ne4 Be5 51. Kf3 Kf8 52. Nxg3 Bc7 53.
Ne4 Ke7 54. g4 Be5 55. g5 Kf8 56. Kg4 Kg8 57. f6 Kf7 58. Kf5 Bxf6 59. gxf6 Kf8
60. Ke6 Ke8 61. f7+ Kf8 62. Bd7 Kg7 63. Ke7 Kg6 64. f8=Q Kh5 65. Qg7 1-0

[Event "DEM U10 2018"]
[Site "Willingen GER"]
[Date "2018.05.22"]
[Round "5"]
[White "Toth, Luca"]
[Black "Klonov, Jakov"]
[Result "0-1"]
[Termination "normal"]
[Board "21"]
[WhiteElo "1218"]
[BlackElo "1264"]
[PlyCount "106"]
[WhiteFideId "16260228"]
[BlackFideId "16211928"]
[EventCountry "GER"]
[EventRounds "11"]
[EventType "swiss"]
[EventDate "2018.05.19"]

1. e4 c5 2. Nf3 Nc6 3. d4 cxd4 4. Nxd4 g6 5. c4 Bg7 6. Be3 Nf6 7. Nc3 O-O 8.
Be2 Nxd4 9. Bxd4 d6 10. O-O Bd7 11. Qd2 Bc6 12. f3 a5 13. b3 Nd7 14. Rab1 Bxd4+
15. Qxd4 Nc5 16. a3 Ne6 17. Qd2 Qb6+ 18. Kh1 Rfc8 19. Nd5 Bxd5 20. exd5 Nc5 21.
b4 axb4 22. axb4 Na6 23. Rfc1 Qa7 24. Ra1 Qb8 25. Ra2 Rc7 26. Rca1 Rc8 27. b5
Nc7 28. Rxa8 Nxa8 29. Qe3 Qc7 30. Rb1 Nb6 31. Rc1 Na4 32. Qd4 Qc5 33. Qxc5 Nxc5
34. Ra1 e6 35. dxe6 fxe6 36. Rd1 Rd8 37. Kg1 d5 38. Rd4 Nb3 39. Rd3 Nc1 40. Rd2
Nxe2+ 41. Rxe2 dxc4 42. Rxe6 Kf7 43. Re3 Rd3 44. Kf2 Kf6 45. Rxd3 cxd3 46. Ke3
Ke5 47. Kxd3 Kd5 48. Kc3 Kc5 49. b6 Kxb6 50. Kb4 Kc6 51. f4 Kb6 52. g4 Kc6 53.
h4 Kd5 0-1